Devinez le jeu vidéo #6 - Statistiques

Statistiques générales
  • Ce quiz a été pris 110 fois
  • Le résultat moyen est 10 sur 16
Statistiques - réponses
Par images Réponse % Correct
Hitman
95%
Rocket League
94%
Read Dead Redemption II
77%
Tomb Raider
76%
Valorant
76%
Guitar Hero
72%
Five Nights at Freddy's
62%
The Last of Us
57%
Hades
55%
Poppy Playtime - Chapter 1
50%
Hogwarts Legacy : L'Héritage de Poudlard
49%
Dead by Daylight
45%
Cyberpunk 2077
44%
Peak
41%
Fire Emblem: Awakening
32%
Dance Dance Revolution
26%
Aucun quiz correspondant
Distribution des résultats
% des personnes avec chaque résultat
Percentile par nombre de réponses
Votre historique - résultats
Vous n’avez pas pris ce quiz